00866nam a2200253 a 450000100060000000300090000600800410001501500210005604000280007709000090010510000270011424500600014126000410020130000450024250000400028759600080032765000290033565000420036470000290040691700180043594200120045399900170046595201300048225209CO-ViMGA141112s2004 ck r 000 u spa d ack - 2005 - xxxx aCO-ViMGAbspacCO-ViMGA aPOWp1 aPowell, Richard93839010aPablo Pez / cRichard Powell, ilustraciones Dewy Morris aBogotá : bPanAméricana, c2008. a1 libro plástico [4 h.] : il. ; 15 cm. aLibro plástico sumergible en agua a5 714aCuentos infantiles9274314aLibros ilustrados para niños 920011 aMorris, Dewy, il.938391 a3094 20050621 2ddccBK c32835d32835 01102ddc44708008aMEVIECARbMEVIECARd2015-12-04h28/ago/2013l0oPOWpp26157r2015-12-04 00:00:00tEj. 1w2015-12-04yBK